| 000 | 00447nab a2200145Ia 4500 | ||
|---|---|---|---|
| 003 | ES-SlBCS | ||
| 005 | 20210601131740.0 | ||
| 008 | 140529s1932 xxu||||| |||| 00| 0 fre d | ||
| 041 | _afre | ||
| 100 | 1 |
_aMaillet, Germaine _9188537 |
|
| 245 | 0 | 2 |
_aA propos d'urbanisme et de quelques livres récents _c Germaine Maillet |
| 650 | 0 | 4 |
_aUrbanismo _992822 |
| 773 | 0 |
_tVie Intelectuelle (La) _gvol. 15, nº. 3, 1932, págs. 516-520 _wRev907 |
|
| 942 | _cAR | ||
| 999 |
_c568130 _d568130 |
||